الطريق الى التميز / (Record no. 1425)

MARC details
000 -LEADER
fixed length control field 00628nam a2200193 ar4500
001 - CONTROL NUMBER
control field 1427
005 - DATE AND TIME OF LATEST TRANSACTION
control field 20221127090221.0
008 - FIXED-LENGTH DATA ELEMENTS--GENERAL INFORMATION
fixed length control field 090805s su 00010|ara d
020 ## - INTERNATIONAL STANDARD BOOK NUMBER
International Standard Book Number 9960431584
082 04 - DEWEY DECIMAL CLASSIFICATION NUMBER
Classification number 658.312
Item number ع488
100 1# - MAIN ENTRY--PERSONAL NAME
Personal name العتيبي، محمد زويد.
245 12 - TITLE STATEMENT
Title الطريق الى التميز /
Statement of responsibility, etc. تاليف محمد زويد العتيبي.
250 ## - EDITION STATEMENT
Edition statement ط. 1.
260 ## - PUBLICATION, DISTRIBUTION, ETC.
Place of publication, distribution, etc. الرياض :
Name of publisher, distributor, etc. الدار العربية،
Date of publication, distribution, etc. 2003.
300 ## - PHYSICAL DESCRIPTION
Extent 96 ص. ؛
Other physical details 21 سم.
504 ## - BIBLIOGRAPHY, ETC. NOTE
Bibliography, etc. note يتضمن ببليوجرافيا.
650 #4 - SUBJECT ADDED ENTRY--TOPICAL TERM
Topical term or geographic name entry element ادارة الافراد.
650 #4 - SUBJECT ADDED ENTRY--TOPICAL TERM
Topical term or geographic name entry element القيادة الادارية.
Holdings
Withdrawn status Lost status Source of classification or shelving scheme Damaged status Not for loan Home library Current library Date acquired Total Checkouts Full call number Barcode Date last seen Copy number Price effective from Koha item type
          CENTRAL CENTRAL 11/27/2022   658.312 غ488 1000000004365 11/27/2022 C1 11/27/2022 Book